000 00304nam a22001337a 4500
003 MPLRDC
005 20220104184650.0
008 210129b ||||| |||| 00| 0 eng d
082 _aDISC
100 _a崔钟雷主编
245 _a九色鹿--1 DISC
_c
650 _a儿童故事
942 _cCDA
_oDISC
999 _c62965
_d62955